Catálogo

Vista normal Vista MARC

Entrada Personal Name

Número de registros utilizados en: 2

001 - CONTROL NUMBER

  • control field: 265

003 - CONTROL NUMBER IDENTIFIER

  • control field: DLC

005 - DATE AND TIME OF LATEST TRANSACTION

  • control field: 20220929140457.0

008 - FIXED-LENGTH DATA ELEMENTS

  • fixed length control field: 030318n| azannaabn |a aaa c

010 ## - LIBRARY OF CONGRESS CONTROL NUMBER

  • LC control number: no2003026255

035 ## - SYSTEM CONTROL NUMBER

  • System control number: (OCoLC)oca06000134

040 ## - CATALOGING SOURCE

  • Original cataloging agency: NmU
  • Language of cataloging: spa
  • Description conventions: rda
  • Transcribing agency: Mx-PuUPA
  • Modifying agency: DLC
  • Modifying agency: Mx-PuUPA

046 ## - SPECIAL CODED DATES

  • Birth date: 19420606
  • Source of date scheme: edtf

100 1# - HEADING--PERSONAL NAME

  • Personal name: Rivera Carrera, Norberto,
  • Dates associated with a name: 1942-

370 ## - ASSOCIATED PLACE

  • Place of birth: La Purísima (Durango, Mexico)

370 ## - ASSOCIATED PLACE

  • Other associated place: México Ciudad (México)
  • Source of term: naf

373 ## - ASSOCIATED GROUP

  • Associated group: Iglesia Católica. Arquidiócesis de la Ciudad de México (México)
  • Source of term: naf

374 ## - OCCUPATION

  • Occupation: Obispo
  • Occupation: Cardenal
  • Occupation: Autor
  • Occupation: Editor
  • Source of term: lcsh

377 ## - ASSOCIATED LANGUAGE

  • Language code: spa

400 1# - SEE FROM TRACING--PERSONAL NAME

  • Personal name: Carrera, Norberto Rivera,
  • Dates associated with a name: 1942-

400 1# - SEE FROM TRACING--PERSONAL NAME

  • Personal name: Rivera, Norberto,
  • Dates associated with a name: 1942-

670 ## - SOURCE DATA FOUND

  • Source citation: Juan Diego, 2002:
  • Information found: t.p. (Norberto Cardenal Rivera Carrera) cover flaps (b. June 6, 1942, La Purísima, Durango, México; Arzobispo Primado de México; created Cardinal in 1998)

670 ## - SOURCE DATA FOUND

  • Source citation: OCLC, Mar. 19, 2003
  • Information found: (hdg.: Rivera Carrera, Norberto; usage: Norberto Cardenal Rivera Carrera; Norberto Rivera Carrera)

670 ## - SOURCE DATA FOUND

  • Source citation: Norberto Rivera, julio, 2017.